000 00520nam a2200193Ia 4500
003 OSt
005 20240701144249.0
008 210210b1972 xxu||||| |||| 00| 0 eng d
040 _cAL
041 _aKannada
082 _aK894.3 BHAB
100 _aBHARATISUTA.
_dಭಾರತೀಸುತ
_9172101
245 _aBangara kulume.
_bಬಂಗಾರ ಕುಲುಮೆ
260 _aMadikeri
_bShri Kaveri Prakashana
_c1972
300 _aiv,366
690 _aKannada Fiction
_9172102
906 _a030468
942 _2ddc
_cBK
999 _c81635
_d81635